000
00260nam a2200109Ia 4500
008
230411s9999 xx 000 0 und d
041
_a
eng
082
_a
X/158.1/VAS/B04055
100
_a
Vaswani
_9
178108
245
_a
Freedom from Stress
999
_c
154828
_d
154828